[Event "Valasska Bystrice op"]
[Site "Valasska Bystrice"]
[Date "2023.09.15"]
[Round "8"]
[White "Vlachopulos, Elefteris"]
[Black "Zelenkova, Sofie"]
[Result "1/2-1/2"]
[WhiteElo "1549"]
[BlackElo "1369"]
[PlyCount "128"]
[EventDate "2023.09.09"]
[EventType "swiss"]
[EventRounds "9"]
[EventCountry "CZE"]
[SourceTitle "EXT 2024"]
[Source "ChessBase"]
[SourceDate "2023.10.10"]
[SourceVersion "1"]
[SourceVersionDate "2023.10.10"]
[SourceQuality "1"]

1. d4 Nf6 2. c4 g6 3. Nc3 d5 4. g3 Bg7 5. cxd5 Nxd5 6. Bg2 Nxc3 7. bxc3 c5 8. e3 0-0 9. Qb3 Qc7 10. Ba3 cxd4 11. cxd4 Nc6 12. Rc1 Qa5+ 13. Qc3 Qxc3+ 14. Rxc3 Bd7 15. Ne2 Rfe8 16. 0-0 Rac8 17. Rfc1 e5 18. d5 Na5 19. Rc7 Rxc7 20. Rxc7 Bb5 21. Nc3 Ba6 22. e4 Nc4 23. Bb4 Nb6 24. Bh3 Bf8 25. Bxf8 Kxf8 26. Nd1 Re7 27. d6 Re8 28. Bf1 Bxf1 29. Kxf1 Rd8 30. Rxb7 Rxd6 31. Ke2 Rd7 32. Rb8+ Ke7 33. Ne3 Ke6 34. Rh8 f6 35. Rf8 Rf7 36. Rxf7 Kxf7 37. Kd3 Ke6 38. Kc3 f5 39. f3 f4 40. gxf4 exf4 41. Nc2 h5 42. h4 Na4+ 43. Kd2 Kf6 44. Ke1 g5 45. hxg5+ Kxg5 46. Kf2 Nc3 47. a3 Nd1+ 48. Kg1 h4 49. Nd4 Kf6 50. Kh2 Nf2 51. Kg2 Nxe4 52. Nc6 Ng5 53. Nxa7 h3+ 54. Kf2 h2 55. Kg2 Nxf3 56. Nc6 Kf5 57. a4 Ke4 58. a5 Nh4+ 59. Kxh2 f3 60. Kg3 Ke3 61. Ne5 Nf5+ 62. Kh3 Nd6 63. a6 Nb5 64. Kg3 Kd4 1/2-1/2

[Event "Valasska Bystrice op"]
[Site "Valasska Bystrice"]
[Date "2023.09.12"]
[Round "5"]
[White "Vlachopulos, Elefteris"]
[Black "Bartosek, Ivan"]
[Result "1/2-1/2"]
[WhiteElo "1549"]
[BlackElo "1657"]
[PlyCount "20"]
[EventDate "2023.09.09"]
[EventType "swiss"]
[EventRounds "9"]
[EventCountry "CZE"]
[SourceTitle "EXT 2024"]
[Source "ChessBase"]
[SourceDate "2023.10.10"]
[SourceVersion "1"]
[SourceVersionDate "2023.10.10"]
[SourceQuality "1"]

1. d4 e6 2. c4 d5 3. g3 dxc4 4. Bg2 c6 5. a4 Bb4+ 6. Nc3 b5 7. e3 Nf6 8. Qc2 Nd5 9. Nge2 Bb7 10. 0-0 0-0 1/2-1/2

[Event "Valasska Bystrice op 13th"]
[Site "Valasska Bystrice"]
[Date "2022.09.11"]
[Round "2"]
[White "Vlachopulos, Elefteris"]
[Black "Juracak, David"]
[Result "0-1"]
[WhiteElo "1574"]
[BlackElo "1708"]
[PlyCount "60"]
[EventDate "2022.09.10"]
[EventType "swiss"]
[EventRounds "9"]
[EventCountry "CZE"]
[SourceTitle "CBM 210 Extra"]
[Source "ChessBase"]
[SourceDate "2022.11.30"]
[SourceVersion "1"]
[SourceVersionDate "2022.11.30"]
[SourceQuality "1"]

1. d4 d5 2. Nf3 Nf6 3. g3 Bg4 4. Ne5 Bf5 5. Bg2 e6 6. c4 c6 7. cxd5 exd5 8. 0-0 Nbd7 9. Nd3 Bd6 10. Qb3 Qc7 11. Bd2 0-0 12. Nc3 Qb6 13. Qxb6 axb6 14. Rac1 Rfe8 15. a3 Re7 16. Rfe1 Rae8 17. Nf4 h6 18. f3 Bxf4 19. Bxf4 Nf8 20. Bd6 Re6 21. Bb4 N8d7 22. Kf2 c5 23. dxc5 bxc5 24. Nxd5 Nxd5 25. Bxc5 Nxc5 26. Rxc5 Ne3 27. Bf1 Nxf1 28. Kxf1 Bd3 29. Rc7 Rxe2 30. Rc3 Ba6 0-1

[Event "Vsetin op 45th"]
[Site "Vsetin"]
[Date "2020.07.07"]
[Round "5"]
[White "Vlachopulos, Elefteris"]
[Black "Dolezal, Karel1111"]
[Result "0-1"]
[WhiteElo "1729"]
[BlackElo "1953"]
[PlyCount "104"]
[EventDate "2020.07.04"]
[EventType "swiss"]
[EventRounds "9"]
[EventCountry "CZE"]
[SourceTitle "CBM 197 Extra"]
[Source "ChessBase"]
[SourceDate "2020.09.30"]
[SourceVersion "1"]
[SourceVersionDate "2020.09.30"]
[SourceQuality "1"]

1. d4 g6 2. g3 d6 3. Bg2 c6 4. c4 Bg7 5. Nc3 Nf6 6. e4 e5 7. dxe5 dxe5 8. Qxd8+ Kxd8 9. Bg5 h6 10. Bxf6+ Bxf6 11. 0-0-0+ Kc7 12. Bh3 Na6 13. Bxc8 Raxc8 14. Nge2 Rcd8 15. Rxd8 Bxd8 16. Rd1 h5 17. h4 g5 18. hxg5 Bxg5+ 19. Kb1 Nc5 20. Kc2 Ne6 21. b4 h4 22. gxh4 Rxh4 23. Rf1 Be7 24. c5 Rh2 25. Kd3 Rh3+ 26. Kc2 Bg5 27. Ng3 Nd4+ 28. Kd1 Kd7 29. Rh1 Rxh1+ 30. Nxh1 Ke6 31. Ng3 f5 32. exf5+ Nxf5 33. Nge4 Be7 34. Kc2 Nd4+ 35. Kd3 Kf5 36. Kc4 b5+ 37. Kd3 Ke6 38. f4 Kf5 39. fxe5 Kxe5 40. Nd2 a5 41. a3 a4 42. Nde4 Ne6 43. Ne2 Nf4+ 44. Nxf4 Kxf4 45. Kd4 Bf8 46. Nc3 Bg7+ 47. Kd3 Bxc3 48. Kxc3 Ke3 49. Kc2 Ke2 50. Kc1 Kd3 51. Kb2 Kd2 52. Ka1 Kc1 0-1

[Event "Vsetin op 45th"]
[Site "Vsetin"]
[Date "2020.07.06"]
[Round "3"]
[White "Krizek, Krystof"]
[Black "Vlachopulos, Elefteris"]
[Result "1-0"]
[WhiteElo "1898"]
[BlackElo "1729"]
[PlyCount "61"]
[EventDate "2020.07.04"]
[EventType "swiss"]
[EventRounds "9"]
[EventCountry "CZE"]
[SourceTitle "CBM 197 Extra"]
[Source "ChessBase"]
[SourceDate "2020.09.30"]
[SourceVersion "1"]
[SourceVersionDate "2020.09.30"]
[SourceQuality "1"]

1. e4 c5 2. Nf3 d6 3. d4 cxd4 4. Nxd4 Nf6 5. Nc3 a6 6. h4 Nc6 7. Be2 e5 8. Nb3 Be6 9. f4 Bxb3 10. axb3 b5 11. Nd5 Nd4 12. Be3 Nxd5 13. exd5 Nxe2 14. Qxe2 Be7 15. g3 0-0 16. 0-0 exf4 17. Bxf4 Bf6 18. c3 Re8 19. Qh5 g6 20. Qf3 Kg7 21. Rf2 Qb6 22. Raf1 Ra7 23. Bh6+ Kxh6 24. Qxf6 Qe3 25. Qxd6 Re5 26. Qf8+ Kh5 27. Kh2 f5 28. Qf6 Rxd5 29. Rf3 Qh6 30. Rxf5+ Rxf5 31. Rxf5+ 1-0

[Event "Valasska Bystrice op 11th"]
[Site "Valasska Bystrice"]
[Date "2019.09.12"]
[Round "7"]
[White "Vlachopulos, Elefteris"]
[Black "Juracak, David"]
[Result "1/2-1/2"]
[WhiteElo "1720"]
[BlackElo "1493"]
[PlyCount "101"]
[EventDate "2019.09.07"]
[EventType "swiss"]
[EventRounds "9"]
[EventCountry "CZE"]
[SourceTitle "EXT 2020"]
[Source "ChessBase"]
[SourceDate "2019.10.17"]
[SourceVersion "1"]
[SourceVersionDate "2019.10.17"]
[SourceQuality "1"]

1. d4 d5 2. Nf3 Nf6 3. c4 e6 4. Bg5 Be7 5. e3 Nc6 6. Nc3 0-0 7. Rc1 Re8 8. a3 a5 9. Qb3 dxc4 10. Bxc4 Nd7 11. Bf4 Nb6 12. Nb5 a4 13. Qc2 Bd6 14. Nxd6 cxd6 15. Bd3 h6 16. 0-0 Nd5 17. Bg3 Qe7 18. e4 Nf6 19. Bh4 e5 20. dxe5 Nxe5 21. Nxe5 Qxe5 22. Bg3 Qd4 23. Rfd1 Bg4 24. Be2 Qxe4 25. Qxe4 Rxe4 26. Bxg4 Rxg4 27. Rxd6 Re4 28. Rb6 Re7 29. Bh4 Ra6 30. Bxf6 gxf6 31. Rb4 Rc6 32. Rd1 Rd6 33. Rf1 Ra6 34. g3 Ra5 35. Rc1 Ra7 36. Rc8+ Kh7 37. Rg4 f5 38. Rgg8 Ra6 39. h4 Rg6 40. Rge8 Rxe8 41. Rxe8 Rb6 42. Re2 Kg6 43. Kg2 Rb3 44. f3 f6 45. Kf2 Kg7 46. h5 Kf7 47. Rc2 Kg7 48. Kg2 Kf7 49. Kf2 Kg7 50. Rc7+ Kf8 51. Rc2 1/2-1/2

[Event "Valasska Bystrice op 11th"]
[Site "Valasska Bystrice"]
[Date "2019.09.08"]
[Round "3"]
[White "Vlachopulos, Elefteris"]
[Black "Zmelty, David"]
[Result "1-0"]
[WhiteElo "1720"]
[BlackElo "1434"]
[PlyCount "59"]
[EventDate "2019.09.07"]
[EventType "swiss"]
[EventRounds "9"]
[EventCountry "CZE"]
[SourceTitle "EXT 2020"]
[Source "ChessBase"]
[SourceDate "2019.10.17"]
[SourceVersion "1"]
[SourceVersionDate "2019.10.17"]
[SourceQuality "1"]

1. d4 d5 2. Nf3 Nf6 3. c4 Bf5 4. Nc3 e6 5. Qb3 b6 6. cxd5 Nxd5 7. e4 Nxc3 8. exf5 Nd5 9. fxe6 Bb4+ 10. Bd2 Bxd2+ 11. Nxd2 fxe6 12. Bc4 0-0 13. 0-0 c6 14. a4 Nd7 15. Nf3 N7f6 16. Rfe1 Qd6 17. Re2 Ng4 18. g3 Rf5 19. Nh4 Rh5 20. Rae1 Re8 21. f4 Nde3 22. Nf3 Rh6 23. Rxe3 Nxe3 24. Rxe3 Kh8 25. f5 b5 26. axb5 cxb5 27. Bxe6 Qc6 28. Rc3 Qe4 29. Qc2 Qa8 30. Ne5 1-0

[Event "Valasska Bystrice op"]
[Site "Valasska Bystrice"]
[Date "2017.09.11"]
[Round "4"]
[White "Volcik, Ludek"]
[Black "Vlachopulos, Elefteris"]
[Result "1-0"]
[WhiteElo "2081"]
[BlackElo "1781"]
[PlyCount "45"]
[EventDate "2017.09.09"]
[EventType "swiss"]
[EventRounds "9"]
[EventCountry "CZE"]
[SourceTitle "CBM 180 Extra"]
[Source "ChessBase"]
[SourceDate "2017.10.06"]
[SourceVersion "1"]
[SourceVersionDate "2017.10.06"]
[SourceQuality "1"]

1. e4 c6 2. d4 d5 3. e5 Bf5 4. Nc3 e6 5. g4 Bg6 6. Nge2 h6 7. Ng3 Bb4 8. Bd3 Bxd3 9. Qxd3 Qh4 10. Qe2 Nd7 11. a3 Bxc3+ 12. bxc3 Qh3 13. c4 dxc4 14. Ne4 Qg2 15. Rf1 Ke7 16. a4 f5 17. Ba3+ Kf7 18. gxf5 exf5 19. Qxc4+ Kg6 20. Qe6+ Ndf6 21. Nd6 Qf3 22. Rg1+ Kh7 23. Rxg7+ 1-0

[Event "Vsetin op"]
[Site "Vsetin"]
[Date "2017.07.08"]
[Round "9"]
[White "Vlachopulos, Elefteris"]
[Black "Budik, Pavel"]
[Result "1-0"]
[WhiteElo "1770"]
[BlackElo "1675"]
[PlyCount "81"]
[EventDate "2017.07.01"]
[EventType "swiss"]
[EventRounds "9"]
[EventCountry "CZE"]
[SourceTitle "CBM 179 Extra"]
[Source "ChessBase"]
[SourceDate "2017.08.23"]
[SourceVersion "1"]
[SourceVersionDate "2017.08.23"]
[SourceQuality "1"]

1. d4 d5 2. c4 e6 3. Nc3 c6 4. e3 Nf6 5. Nf3 Be7 6. Bd3 0-0 7. e4 dxe4 8. Nxe4 Nbd7 9. 0-0 Nxe4 10. Bxe4 Nf6 11. Bc2 c5 12. dxc5 Qxd1 13. Rxd1 Bxc5 14. Bg5 Ng4 15. Bh4 h6 16. h3 g5 17. Bg3 Nf6 18. Be5 Nh5 19. g3 b6 20. Be4 f6 21. Bc7 Rf7 22. Bxa8 Rxc7 23. Kg2 Ba6 24. Rd8+ Kg7 25. b3 f5 26. Rad1 Bc8 27. Ne5 Kf6 28. Nd7+ Bxd7 29. R1xd7 Rxd7 30. Rxd7 f4 31. Bf3 Ng7 32. Rxa7 Nf5 33. a3 fxg3 34. fxg3 Ne3+ 35. Kh1 Nf1 36. g4 Nd2 37. Bd1 Ne4 38. Bc2 Nf2+ 39. Kg2 e5 40. b4 Bd4 41. Rd7 1-0

[Event "Vsetin op"]
[Site "Vsetin"]
[Date "2017.07.05"]
[Round "6"]
[White "Vlachopulos, Elefteris"]
[Black "Mica, Marek"]
[Result "0-1"]
[WhiteElo "1770"]
[BlackElo "1974"]
[PlyCount "102"]
[EventDate "2017.07.01"]
[EventType "swiss"]
[EventRounds "9"]
[EventCountry "CZE"]
[SourceTitle "CBM 179 Extra"]
[Source "ChessBase"]
[SourceDate "2017.08.23"]
[SourceVersion "1"]
[SourceVersionDate "2017.08.23"]
[SourceQuality "1"]

1. d4 Nf6 2. c4 e6 3. Bg5 Be7 4. Nf3 b6 5. Nc3 Bb7 6. e3 Ne4 7. Bxe7 Qxe7 8. Be2 f5 9. 0-0 d6 10. Nxe4 fxe4 11. Nd2 0-0 12. Qb3 Nd7 13. Rac1 Rf6 14. g3 Rh6 15. Kg2 Qg5 16. Rh1 Qf5 17. h3 Rf8 18. Rcf1 Qf7 19. Qc2 Rf6 20. Rh2 Rxf2+ 21. Kg1 Rxf1+ 22. Bxf1 Qg6 23. Rg2 Qg5 24. Qc3 Rf6 25. Be2 Qg6 26. b4 Rf3 27. Kh2 Rf5 28. g4 Rf8 29. c5 bxc5 30. dxc5 Qf6 31. Qc2 Qe5+ 32. Kg1 dxc5 33. Nc4 Qa1+ 34. Kh2 cxb4 35. Qa4 Nb6 36. Qxa7 Nxc4 37. Bxc4 Qe5+ 38. Kg1 Bd5 39. Qc5 Qa1+ 40. Kh2 Bxc4 41. Qxc4 Qe5+ 42. Kg1 c5 43. h4 Qd5 44. Qb5 Rd8 45. g5 Qd1+ 46. Kh2 Qe1 47. Rg3 Qf2+ 48. Kh3 Qf5+ 49. Rg4 Rf8 50. h5 Qf3+ 51. Kh4 Qh1+ 0-1

[Event "Vsetin op"]
[Site "Vsetin"]
[Date "2017.07.02"]
[Round "2"]
[White "Hrabovsky, Vladimir"]
[Black "Vlachopulos, Elefteris"]
[Result "1-0"]
[WhiteElo "2000"]
[BlackElo "1770"]
[PlyCount "69"]
[EventDate "2017.07.01"]
[EventType "swiss"]
[EventRounds "9"]
[EventCountry "CZE"]
[SourceTitle "CBM 179 Extra"]
[Source "ChessBase"]
[SourceDate "2017.08.23"]
[SourceVersion "1"]
[SourceVersionDate "2017.08.23"]
[SourceQuality "1"]

1. e4 c6 2. d4 d5 3. Nc3 g6 4. Nf3 Bg4 5. Be3 Bg7 6. Be2 e6 7. h3 Bxf3 8. Bxf3 Nd7 9. 0-0 Qb6 10. Qd2 Ne7 11. Rfd1 0-0 12. a4 Qb4 13. Nxd5 Nxd5 14. exd5 Qxd2 15. Rxd2 cxd5 16. a5 Rac8 17. c3 a6 18. Ra4 f5 19. Bf4 h6 20. Rb4 Nb8 21. Rxb7 Nc6 22. b4 Nd8 23. Rc7 Nf7 24. Be2 Rxc7 25. Bxc7 Rc8 26. Bb6 Rxc3 27. Bxa6 Nd6 28. Ra2 Rb3 29. Bc5 Ne4 30. Bc8 Nxc5 31. dxc5 Rxb4 32. a6 Be5 33. g3 Bb8 34. Bxe6+ Kf8 35. a7 1-0

[Event "Vsetin op"]
[Site "Vsetin"]
[Date "2017.07.01"]
[Round "1"]
[White "Vlachopulos, Elefteris"]
[Black "Horak, Martin"]
[Result "0-1"]
[WhiteElo "1770"]
[BlackElo "2073"]
[PlyCount "98"]
[EventDate "2017.07.01"]
[EventType "swiss"]
[EventRounds "9"]
[EventCountry "CZE"]
[SourceTitle "CBM 179 Extra"]
[Source "ChessBase"]
[SourceDate "2017.08.23"]
[SourceVersion "1"]
[SourceVersionDate "2017.08.23"]
[SourceQuality "1"]

1. d4 e6 2. Nf3 f5 3. g3 Nf6 4. Bg2 Be7 5. 0-0 0-0 6. c4 d6 7. Nc3 Ne4 8. Qc2 Nxc3 9. Qxc3 Bf6 10. Qb3 Kh8 11. Rd1 Qe8 12. Ne1 Nc6 13. e3 e5 14. d5 Nd8 15. a4 a5 16. Bd2 b6 17. Bc3 Nb7 18. Qc2 Qh5 19. Bf3 Qh6 20. Bg2 g5 21. b3 Bg7 22. Rac1 f4 23. exf4 gxf4 24. Qb2 Bh3 25. gxf4 Bxg2 26. Nxg2 exf4 27. Bxg7+ Qxg7 28. Qxg7+ Kxg7 29. Re1 Rf7 30. f3 Nc5 31. Rc3 Kg6 32. Re2 Rh8 33. Ne1 Kf5 34. Nd3 Rg8+ 35. Rg2 Rxg2+ 36. Kxg2 Nd7 37. b4 Re7 38. bxa5 bxa5 39. Nc1 Nb6 40. Rc2 Re3 41. Ne2 Ra3 42. Nd4+ Kf6 43. Nb5 Rxa4 44. Nxc7 Nxc4 45. Kf2 Ke5 46. Re2+ Ne3 47. Nb5 Ra1 48. Rd2 Rh1 49. Rd4 Rxh2+ 0-1

[Event "Valasska Bystrice op"]
[Site "Valasska Bystrice"]
[Date "2016.09.10"]
[Round "1"]
[White "Belunek, Vladimir"]
[Black "Vlachopulos, Elefteris"]
[Result "1-0"]
[WhiteElo "2238"]
[BlackElo "1766"]
[PlyCount "75"]
[EventDate "2016.09.10"]
[EventType "swiss"]
[EventRounds "9"]
[EventCountry "CZE"]
[SourceTitle "CBM 174 Extra"]
[Source "ChessBase"]
[SourceDate "2016.10.10"]
[SourceVersion "1"]
[SourceVersionDate "2016.10.10"]
[SourceQuality "1"]

1. d4 d5 2. c4 c6 3. Nf3 Nf6 4. Nc3 e6 5. Bg5 Be7 6. e3 0-0 7. Qc2 h6 8. Bh4 Nbd7 9. cxd5 exd5 10. Bd3 Nh5 11. Bxe7 Qxe7 12. 0-0-0 Nb6 13. Ne5 c5 14. g4 cxd4 15. exd4 Qg5+ 16. Kb1 Nf4 17. h4 Qe7 18. Bh7+ Kh8 19. Bf5 g6 20. Qd2 g5 21. hxg5 Qxg5 22. Bc2 Kg7 23. Ne2 Nxe2 24. Qxe2 Be6 25. Qd3 Rh8 26. f4 Qxf4 27. Ng6 Qg5 28. Nxh8 Rxh8 29. Rh5 Qxg4 30. Rhh1 Kf8 31. Qa3+ Ke8 32. Qxa7 Nc8 33. Qxb7 Kd8 34. Qb8 h5 35. Qe5 Rg8 36. Rxh5 Ke7 37. Qc7+ Kf8 38. Qd8+ 1-0

[Event "Vsetin op 41st"]
[Site "Vsetin"]
[Date "2016.07.05"]
[Round "4"]
[White "Vlachopulos, Elefteris"]
[Black "Ruzickova, Radka"]
[Result "0-1"]
[WhiteElo "1780"]
[BlackElo "1857"]
[PlyCount "51"]
[EventDate "2016.07.02"]
[EventType "swiss"]
[EventRounds "9"]
[EventCountry "CZE"]
[SourceTitle "CBM 173 Extra"]
[Source "ChessBase"]
[SourceDate "2016.08.29"]
[SourceVersion "1"]
[SourceVersionDate "2016.08.29"]
[SourceQuality "1"]

1. d4 d5 2. Nf3 Nf6 3. c4 e6 4. Bg5 c6 5. Nc3 Nbd7 6. e3 Qa5 7. a3 Ne4 8. Rc1 dxc4 9. Bf4 b5 10. Be2 Nxc3 11. Rxc3 Nf6 12. Ne5 Nd5 13. Nxc6 Qb6 14. Ne5 Nxc3 15. bxc3 Bb7 16. Nxf7 Kxf7 17. Be5 Rg8 18. 0-0 Bd6 19. f4 Raf8 20. Qb1 g6 21. Bxd6 Qxd6 22. Qxb5 Qd5 23. Qxd5 Bxd5 24. Rb1 Rb8 25. Rb4 Rxb4 26. axb4 0-1

[Event "Valasska Bystrice op"]
[Site "Valasska Bystrice"]
[Date "2015.09.17"]
[Round "7"]
[White "Feix, Jiri"]
[Black "Vlachopulos, Elefteris"]
[Result "0-1"]
[WhiteElo "1235"]
[BlackElo "1801"]
[PlyCount "80"]
[EventDate "2015.09.12"]
[EventType "swiss"]
[EventRounds "9"]
[EventCountry "CZE"]
[SourceTitle "EXT 2016"]
[Source "ChessBase"]
[SourceDate "2015.10.08"]
[SourceVersion "1"]
[SourceVersionDate "2015.10.08"]
[SourceQuality "1"]

1. e4 c5 2. Nf3 Nc6 3. d4 cxd4 4. Nxd4 g6 5. c4 Bg7 6. Be3 Nf6 7. Nc3 a6 8. Qd2 0-0 9. Nf3 d6 10. Bh6 Qa5 11. Bxg7 Kxg7 12. a3 Bd7 13. Bd3 Rac8 14. Nd5 Qxd2+ 15. Nxd2 Ne5 16. Be2 Nxd5 17. exd5 Rc7 18. b3 b5 19. Rc1 bxc4 20. Nxc4 Rfc8 21. 0-0 Bb5 22. Rfe1 Kf6 23. f4 Nxc4 24. Bg4 Rb8 25. bxc4 Rxc4 26. Rxc4 Bxc4 27. Bf3 Rb3 28. Rc1 Bb5 29. a4 Bxa4 30. Bd1 Rb4 31. g3 Bxd1 32. Rxd1 a5 33. Kf2 h5 34. Kf3 a4 35. Ke3 a3 36. Ra1 Ra4 37. Kd3 Kf5 38. h3 a2 39. Ke3 Ra3+ 40. Kf2 Ke4 0-1

[Event "Valasska Bystrice op"]
[Site "Valasska Bystrice"]
[Date "2015.09.15"]
[Round "5"]
[White "Vlachopulos, Elefteris"]
[Black "Doskar, Miloslav"]
[Result "0-1"]
[WhiteElo "1801"]
[BlackElo "1680"]
[PlyCount "88"]
[EventDate "2015.09.12"]
[EventType "swiss"]
[EventRounds "9"]
[EventCountry "CZE"]
[SourceTitle "EXT 2016"]
[Source "ChessBase"]
[SourceDate "2015.10.08"]
[SourceVersion "1"]
[SourceVersionDate "2015.10.08"]
[SourceQuality "1"]

1. d4 d5 2. Nf3 Nf6 3. c4 e6 4. Nc3 c6 5. Bg5 Be7 6. e3 Nbd7 7. Bd3 0-0 8. e4 dxe4 9. Nxe4 Nxe4 10. Bxe7 Qxe7 11. Bxe4 Qb4+ 12. Qd2 Qxc4 13. b3 Qa6 14. Bd3 Qb6 15. 0-0 Nf6 16. Rad1 Qd8 17. Ne5 a5 18. a4 Bd7 19. f4 Be8 20. Qf2 Nd7 21. f5 exf5 22. Qxf5 g6 23. Qf4 Nxe5 24. dxe5 Qb6+ 25. Kh1 c5 26. Bc4 Rd8 27. Rde1 Qc7 28. Qh6 Qe7 29. Rf4 Rd4 30. Rxd4 cxd4 31. Re4 Kh8 32. Rxd4 Bc6 33. Rh4 f5 34. e6 Rd8 35. h3 g5 36. Rf4 gxf4 37. Qxf4 Qg7 38. Bf1 Rd1 39. Kh2 Rd8 40. Qf2 Qe5+ 41. Kh1 Rd1 42. Kg1 Qd4 43. Qxd4+ Rxd4 44. Bc4 Kg7 0-1

[Event "Valasska Bystrice op"]
[Site "Valasska Bystrice"]
[Date "2015.09.12"]
[Round "1"]
[White "Vlachopulos, Elefteris"]
[Black "Balacek, Tadeas"]
[Result "0-1"]
[WhiteElo "1801"]
[BlackElo "2286"]
[PlyCount "28"]
[EventDate "2015.09.12"]
[EventType "swiss"]
[EventRounds "9"]
[EventCountry "CZE"]
[SourceTitle "EXT 2016"]
[Source "ChessBase"]
[SourceDate "2015.10.08"]
[SourceVersion "1"]
[SourceVersionDate "2015.10.08"]
[SourceQuality "1"]

1. d4 Nf6 2. c4 c5 3. Nf3 cxd4 4. Nxd4 e5 5. Nb3 d5 6. cxd5 Qxd5 7. Qxd5 Nxd5 8. Bd2 Nc6 9. a3 Be6 10. Nc1 Nd4 11. Kd1 Be7 12. Nc3 Rd8 13. Nxd5 Bxd5 14. e3 Bb3+ 0-1

[Event "CZE-ch Seniors 60"]
[Site "Rychnov nad Kneznou"]
[Date "2015.08.19"]
[Round "5"]
[White "Vlachopulos, Elefteris"]
[Black "Miciak, Emanuel"]
[Result "1/2-1/2"]
[WhiteElo "1798"]
[BlackElo "1889"]
[PlyCount "25"]
[EventDate "2015.08.15"]
[EventType "swiss"]
[EventRounds "9"]
[EventCountry "CZE"]
[SourceTitle "EXT 2016"]
[Source "ChessBase"]
[SourceDate "2015.10.08"]
[SourceVersion "1"]
[SourceVersionDate "2015.10.08"]
[SourceQuality "1"]

1. d4 Nf6 2. Nf3 g6 3. c4 Bg7 4. Nc3 0-0 5. e4 d6 6. Be2 c5 7. d5 Nbd7 8. 0-0 Ng4 9. Bg5 Nge5 10. Qd2 Nxf3+ 11. Bxf3 Ne5 12. Be2 f6 13. Bh6 1/2-1/2

[Event "Valasska Bystrice op"]
[Site "Valasska Bystrice"]
[Date "2014.09.16"]
[Round "5"]
[White "Adamcik, David"]
[Black "Vlachopulos, Elefteris"]
[Result "0-1"]
[WhiteElo "1540"]
[BlackElo "1792"]
[PlyCount "58"]
[EventDate "2014.09.13"]
[EventType "swiss"]
[EventRounds "9"]
[EventCountry "CZE"]
[SourceTitle "CBM 162 Extra"]
[Source "ChessBase"]
[SourceDate "2014.10.17"]
[SourceVersion "1"]
[SourceVersionDate "2014.10.17"]
[SourceQuality "1"]

1. e4 c5 2. Bc4 e6 3. Nc3 Nc6 4. Nf3 g6 5. d3 a6 6. a3 b5 7. Ba2 Bg7 8. 0-0 Bb7 9. Re1 Qc7 10. Qe2 Nd4 11. Qd1 Ne7 12. Rb1 0-0 13. Ne2 Nxf3+ 14. gxf3 f5 15. Bg5 Bf6 16. Bxf6 Rxf6 17. Qd2 Kg7 18. Ng3 Raf8 19. Rf1 Nc6 20. Rbe1 Nd4 21. Kg2 fxe4 22. fxe4 Nf3 23. Qe3 Nxe1+ 24. Qxe1 Qf4 25. Qe2 d5 26. exd5 exd5 27. Qe7+ R8f7 28. Qxc5 Rc6 29. Qb4 Qxb4 0-1

[Event "Valasska Bystrice op"]
[Site "Valasska Bystrice"]
[Date "2014.09.14"]
[Round "3"]
[White "Petras, Milan"]
[Black "Vlachopulos, Elefteris"]
[Result "1-0"]
[WhiteElo "2036"]
[BlackElo "1792"]
[PlyCount "73"]
[EventDate "2014.09.13"]
[EventType "swiss"]
[EventRounds "9"]
[EventCountry "CZE"]
[SourceTitle "CBM 162 Extra"]
[Source "ChessBase"]
[SourceDate "2014.10.17"]
[SourceVersion "1"]
[SourceVersionDate "2014.10.17"]
[SourceQuality "1"]

1. d4 d5 2. Nf3 Nf6 3. Bf4 e6 4. e3 c5 5. Nbd2 cxd4 6. exd4 Nc6 7. c3 Be7 8. Bd3 0-0 9. Ne5 h6 10. h4 Bd7 11. g4 Nxe5 12. dxe5 Ne4 13. Bxe4 dxe4 14. g5 g6 15. gxh6 Kh7 16. Qe2 Bc6 17. Rh3 Rc8 18. 0-0-0 Qa5 19. Kb1 Rfd8 20. Rc1 Qd5 21. Rc2 Rd7 22. c4 Qa5 23. Nxe4 Rcd8 24. Bd2 Bxe4 25. Qxe4 Rxd2 26. Rhc3 Qc7 27. Rxd2 Rxd2 28. Qf4 Bg5 29. hxg5 Rd8 30. Qf6 Rg8 31. Rf3 Qxc4 32. Qxf7+ Kh8 33. Qf6+ Kh7 34. Rc3 Qe4+ 35. Rc2 Qe1+ 36. Rc1 Qe4+ 37. Ka1 1-0